Analysis of Financial Statements (Record no. 129889)

MARC details
000 -LEADER
fixed length control field 00417nam a2200133Ia 4500
008 - FIXED-LENGTH DATA ELEMENTS--GENERAL INFORMATION
fixed length control field 211122s9999||||xx |||||||||||||| ||und||
082 ## - DEWEY DECIMAL CLASSIFICATION NUMBER
Classification number 658.151 1
Item number GRE-A
100 ## - MAIN ENTRY--PERSONAL NAME
Personal name Grewal, T S
245 #0 - TITLE STATEMENT
Title Analysis of Financial Statements
260 ## - PUBLICATION, DISTRIBUTION, ETC.
Name of publisher, distributor, etc. Sultan Chand & Com
Place of publication, distribution, etc. New Delhi
Date of publication, distribution, etc. 2004
630 ## - SUBJECT ADDED ENTRY--UNIFORM TITLE
General subdivision MBA Library
650 ## - SUBJECT ADDED ENTRY--TOPICAL TERM
Topical term or geographic name entry element General management
942 ## - ADDED ENTRY ELEMENTS (KOHA)
Koha item type BOOK
650 ## - SUBJECT ADDED ENTRY--TOPICAL TERM
Form subdivision Financial Management Financial StatementsFinanceManagement
Holdings
Withdrawn status Lost status Source of classification or shelving scheme Damaged status Not for loan Home library Current library Date acquired Cost, normal purchase price Full call number Barcode Shelving location Date last seen Price effective from Koha item type
    Dewey Decimal Classification     SB LIBRARY SB LIBRARY 22/11/2021 90.00 658.1511 GRE-A 00111997 MBA LIBRARY 22/11/2021 22/11/2021 BOOK

Powered by Koha